Colacmar

Saved in:
Bibliografiske detaljer
Institution som forfatter: Instituto Oceanográfico da Universidade de Sao Paulo (Author)
Format: Bog
Sprog:spansk
Udgivet: Sao Paulo Instituto Oceanográfico da Universidade de Sao Paulo 1997
Fag:
Tags: Tilføj Tag
Ingen Tags, Vær først til at tagge denne postø!

MARC

LEADER 00000nam a2200000 a 4500
001 UCR2095
003 CL-VaPUC
005 20240703104131.0
008 980109e19970000bl 1 spa d
082 0 4 |a 551.46  |b INS  |2 21 
110 2 |a Instituto Oceanográfico da Universidade de Sao Paulo  |e author  |9 618677 
245 1 0 |a Colacmar 
260 |a Sao Paulo  |b Instituto Oceanográfico da Universidade de Sao Paulo  |c 1997 
300 |a v 
583 |a last modification  |c 19980109 00:00:00  |k Rodrigo Vera 
650 0 7 |a CIENCIAS DEL MAR  |2 CL-VaPUC  |9 261896 
650 0 0 |a Geología   |9 260984 
650 0 0 |a Hidrología  |9 261396 
650 0 7 |a PLATAFORMA CONTINENTAL  |2 CL-VaPUC  |9 255443 
650 0 7 |a FIORDOS  |2 CL-VaPUC  |9 618678 
650 0 0 |a Economía   |9 255568 
650 0 0 |a Embarcaciones  |9 480415 
650 0 0 |a Ecología   |9 258124 
650 0 0 |a Arrecifes  |9 262075 
650 0 7 |a BANCOS DE DATOS  |2 CL-VaPUC  |9 357059 
650 0 7 |a CONTROL SANITARIO  |2 CL-VaPUC  |9 394606 
650 0 7 |a SEDIMENTOS  |2 CL-VaPUC  |9 401739 
650 0 0 |a Oceanografía  |9 260014 
650 0 0 |a Recursos marinos  |9 261196 
650 0 0 |a Moluscos  |9 261245 
650 0 7 |a MAMIFEROS MARINOS  |2 CL-VaPUC  |9 262220 
650 0 7 |a FITOPLACTON  |2 CL-VaPUC  |9 358304 
650 0 7 |a FACTORES ABIOTICOS  |2 CL-VaPUC  |9 401742 
650 0 7 |a BIVALVOS  |2 CL-VaPUC  |9 261308 
650 0 0 |a Corrientes marinas  |9 261372 
942 |c BK 
945 |a jquezada  |d 19980109 00:00:00 
546 |a En Español 
536 |a Instituto Oceanográfico da Universidade de Sao Paulo 
518 |p Colacmar, 7, Sao Paulo. Brasil, 22 al 26 de Setembro de 1997 
999 |c 383071  |d 383069